Heroines /

Bibliographic Details
Main Author: Zambreno, Kate
Format: Book
Language:English
Published: Los Angeles : Semiotext(e), [2012]
Series:Semiotext(e) active agents series.
Subjects:

MARC

Tag First Indicator Second Indicator Subfields
LEADER 00000cam a2200000Ii 4500
001 in00002786715
005 20151202171634.0
008 120512t20122012caua b 000 0 eng d
020 |a 9781584351146 
020 |a 1584351144 
035 |a (OCoLC)ocn793580741 
040 |a BTCTA  |c BTCTA  |d BDX  |d YDX  |d BUF  |e rda  |d MYG  |d CGP  |d BWX  |d CDX  |d UtOrBLW 
049 |a TXAM 
082 0 |a 809/.89287  |2 22 
090 |a PS3626  |b .A6277 2012 
100 1 |a Zambreno, Kate. 
245 1 0 |a Heroines /  |c Kate Zambreno. 
264 1 |a Los Angeles :  |b Semiotext(e),  |c [2012] 
264 2 |a Cambridge, Mass. ;  |a London :  |b MIT Press. 
264 4 |c ©2012 
300 |a 309 pages :  |b illustrations ;  |c 23 cm. 
336 |a text  |b txt  |2 rdacontent 
337 |a unmediated  |b n  |2 rdamedia 
338 |a volume  |b nc  |2 rdacarrier 
490 1 |a Semiotexte active agent series 
504 |a Includes bibliographical references (pages 299-308). 
600 1 0 |a Zambreno, Kate. 
650 0 |a Women authors. 
650 0 |a Women in literature. 
650 0 |a Heroines in literature. 
830 0 |a Semiotext(e) active agents series. 
945 |a PromptCat  |b 115745 
946 |a stk 
947 |a A14836011719 
948 |a cataloged  |b h  |c 2012/12/11  |d c  |e dmitchel  |f 11:10:20 am 
994 |a 92  |b TXA 
999 |a MARS 
999 f f |s eb9b729f-b3cb-3e05-920e-af6e1f7619e3  |i 77ad360f-5696-3121-ba63-26c55ca962c1  |t 0 
952 f f |p 4_hour  |a Texas A&M University  |b College Station  |c Sterling C. Evans Library  |d Evans: Media and Reserves (Evans 1st floor)  |t 0  |e PS3626 .A6277 2012  |h Library of Congress classification  |i unmediated -- volume  |m A14836011719 
998 f f |a PS3626 .A6277 2012  |t 0  |l Evans: Library Stacks